000 00474nam a22001577a 4500
999 _c130539
_d130539
008 201022b ||||| |||| 00| 0 eng d
020 _a9780713720136
050 _aSB433.5 L637
100 _aLensniewicz, Ilona
_949991
245 _aChinese bonsai:
_bthe art of penjing
_c/ by IIona Lesniewicz and Li Zhimin
260 _aLondon:
_bBlandford Press,
_c1988.
300 _a64p. ;
_b28cm.
650 _aBonsai
_949993
700 _aZhimin, Li
_949992
942 _2lcc
_cMONOGRAPH